An investigation into metaphors in English economic newspapers /

Zapisane w:
Opis bibliograficzny
1. autor: Dương Thị Uyên Khuê
Format: Nieznany
Język:English
Wydane: 2015.
Hasła przedmiotowe:
Etykiety: Dodaj etykietę
Nie ma etykietki, Dołącz pierwszą etykiete!
Thư viện lưu trữ: Mạng thư viện Đại học Đà Nẵng
LEADER 01122na a2200325 4500
001 000032029
003 7991
005 20230225100323.0
008 151001s2015 000 eng
040 |a LNN 
041 |a eng 
082 |a 420.4  |b DƯ-K 
100 |a Dương Thị Uyên Khuê 
245 3 |a An investigation into metaphors in English economic newspapers /  |c Dương Thị Uyên Khuê. 
260 |c 2015. 
300 |a 120tr. : mh ; 30cm. 
650 |a An investigation into metaphors in English economic newspapers 
852 |c Luận văn sinh viên 
OWN |a LNN 
AVA |a UDN50  |b LNN  |c English  |d 420.4 DƯ-K  |e available  |t Error 5001 Not defined in file expand_doc_bib_avail.  |f 1  |g 0  |h N  |i 0  |j AN  |k 1 
999 |a From the UDN01 
AVA |a UDN50  |b LNN  |c English  |d 420.4 DƯ-K  |e available  |t Error 5001 Not defined in file expand_doc_bib_avail.  |f 1  |g 0  |h N  |i 0  |j AN  |k 1 
TYP |a Printed language 
980 |a Mạng thư viện Đại học Đà Nẵng